[Event "Minsk op"]
[Site "Minsk"]
[Date "2023.11.08"]
[Round "6"]
[White "Klachkou, Platon"]
[Black "Zarubitski, Viachaslau"]
[Result "1/2-1/2"]
[WhiteElo "2066"]
[BlackElo "2419"]
[PlyCount "139"]
[EventDate "2023.11.03"]
[EventType "swiss"]
[EventRounds "9"]
[EventCountry "BLR"]
[SourceTitle "CB46_2023"]
[SourceDate "2023.11.15"]
[SourceVersion "1"]
[SourceVersionDate "2023.11.15"]
[SourceQuality "1"]

1. e4 c6 2. d4 d5 3. exd5 cxd5 4. Bd3 Nc6 5. c3 Nf6 6. h3 g6 7. Nf3 Bf5 8. Be2 Qc7 9. 0-0 Bg7 10. Nbd2 0-0 11. Nb3 h6 12. Nc5 Ne4 13. Nd3 g5 14. Nd2 Rad8 15. Re1 Bg6 16. Nf1 f5 17. f3 f4 18. fxe4 dxe4 19. Nf2 Nxd4 20. cxd4 Bxd4 21. Qa4 Kh7 22. Be3 fxe3 23. Nd1 Bb6 24. Kh1 h5 25. Ndxe3 g4 26. hxg4 Qf4 27. Qa3 hxg4 28. Bxg4 Rd3 29. Qxe7+ Rf7 30. Qh4+ Kg8 31. g3 Qe5 32. Bh3 Bh5 33. Ng4 Qc5 34. Nfh2 Kg7 35. Ne3 Bd8 36. Qxe4 Bg6 37. Qc4 Qg5 38. Nhg4 b5 39. Qc1 Bb6 40. Nf5+ Rxf5 41. Qxg5 Rxg5 42. Re7+ Kf8 43. Re5 Rxe5 44. Nxe5 Be4+ 45. Bg2 Bxg2+ 46. Kxg2 Rd2+ 47. Kf3 Bc7 48. Nc6 a5 49. a4 b4 50. Rh1 Rxb2 51. Rh8+ Kg7 52. Ra8 Rc2 53. Nxa5 b3 54. Nxb3 Rc3+ 55. Ke4 Rxb3 56. Ra7 Rc3 57. a5 Kf6 58. g4 Rc5 59. Kd4 Bd6 60. a6 Ra5 61. Ra8 Ke7 62. Ke4 Kd7 63. a7 Bc5 64. g5 Bxa7 65. g6 Ra4+ 66. Kd5 Ra5+ 67. Kc4 Rc5+ 68. Kb4 Rg5 69. g7 Bc5+ 70. Kc4 1/2-1/2

[Event "Chigorin Memorial 30th"]
[Site "St Petersburg"]
[Date "2023.10.23"]
[Round "3"]
[White "Epishin, Vladimir"]
[Black "Klachkou, Platon"]
[Result "1/2-1/2"]
[WhiteElo "2446"]
[BlackElo "1966"]
[PlyCount "88"]
[EventDate "2023.10.21"]
[EventType "swiss"]
[EventRounds "9"]
[EventCountry "RUS"]
[SourceTitle "Mega2024 Update 01"]
[Source "Chessbase"]
[SourceDate "2023.11.12"]
[SourceVersion "1"]
[SourceVersionDate "2023.11.12"]
[SourceQuality "1"]

1. c4 Nf6 2. Nc3 g6 3. g3 c5 4. Bg2 Bg7 5. e3 0-0 6. Nge2 d6 7. 0-0 Na6 8. d4 Rb8 9. b3 Nc7 10. Bb2 b6 11. Qd2 Bb7 12. e4 e6 13. Rfd1 Qe7 14. a4 Rfd8 15. a5 Ba6 16. axb6 axb6 17. Qc2 Nfe8 18. Na4 b5 19. cxb5 Bxb5 20. dxc5 Bxe2 21. Qxe2 Rxb3 22. Bxg7 Kxg7 23. Qc4 Rb5 24. Bf1 e5 25. Rac1 dxc5 26. Rxd8 Qxd8 27. Qc3 Rb4 28. Qxe5+ f6 29. Qa1 Ne6 30. Bc4 N8c7 31. e5 Qd4 32. exf6+ Kxf6 33. Bxe6 Qxa1 34. Rxa1 Nxe6 35. Nc3 Rb3 36. Nd5+ Ke5 37. Ne3 Nd4 38. Ra7 h5 39. Re7+ Kf6 40. Re4 Nf3+ 41. Kg2 Ne5 42. h4 Nd3 43. Nc4 Rb4 44. Kf1 Ne5 1/2-1/2

[Event "St Petersburg Korchnoi Memorial op"]
[Site "St Petersburg"]
[Date "2023.08.21"]
[Round "6"]
[White "Klachkou, Platon"]
[Black "Skatchkov, Valery"]
[Result "0-1"]
[WhiteElo "1935"]
[BlackElo "2242"]
[PlyCount "40"]
[EventDate "2023.08.18"]
[EventType "swiss"]
[EventRounds "9"]
[EventCountry "RUS"]
[SourceTitle "EXT 2024"]
[Source "ChessBase"]
[SourceDate "2023.10.10"]
[SourceVersion "1"]
[SourceVersionDate "2023.10.10"]
[SourceQuality "1"]

1. Nf3 d5 2. d4 Nf6 3. e3 e6 4. Nbd2 c5 5. c3 Nbd7 6. Bd3 Bd6 7. 0-0 0-0 8. Re1 e5 9. e4 cxd4 10. cxd4 Re8 11. exd5 exd4 12. Ne4 Bb4 13. Nxf6+ Nxf6 14. Rxe8+ Qxe8 15. Qb3 Ba5 16. Bc4 a6 17. Bg5 Qd8 18. Bxf6 Qxf6 19. Qa4 Qd8 20. Qb3 Qb6 0-1

[Event "Rahachow Rogachev Memorial"]
[Site "Rahachow"]
[Date "2023.08.10"]
[Round "4"]
[White "Teterev, Vitaly"]
[Black "Klachkou, Platon"]
[Result "1-0"]
[WhiteElo "2333"]
[BlackElo "1935"]
[PlyCount "113"]
[EventDate "2023.08.08"]
[EventType "team-schev"]
[EventRounds "9"]
[EventCountry "BLR"]
[SourceTitle "CBM 215 Extra"]
[Source "ChessBase"]
[SourceDate "2023.09.30"]
[SourceVersion "1"]
[SourceVersionDate "2023.09.30"]
[SourceQuality "1"]
[WhiteTeam "Experts"]
[BlackTeam "Red"]
[WhiteTeamCountry "BLR"]
[BlackTeamCountry "BLR"]

1. Nf3 Nf6 2. g3 g6 3. Bg2 Bg7 4. d4 0-0 5. c4 c6 6. 0-0 d5 7. Qb3 Qb6 8. Nc3 Rd8 9. Rd1 Bf5 10. Ne1 Be6 11. c5 Qxb3 12. axb3 Na6 13. h3 Ne4 14. g4 f6 15. f3 Nxc3 16. bxc3 Bf7 17. Bf4 e5 18. Bg3 Nc7 19. e3 Re8 20. Bf1 Ne6 21. b4 a6 22. f4 Nc7 23. fxe5 fxe5 24. Nf3 exd4 25. Bxc7 dxe3 26. Be2 Bxc3 27. Rab1 Re4 28. Ba5 h6 29. Ne1 Rae8 30. Nd3 d4 31. Bc7 g5 32. Bg3 Bc4 33. Be1 Bxe1 34. Rxe1 Bxd3 35. Bxd3 Rf4 36. Rb2 Kg7 37. Rf1 Kf6 38. Kg2 Ke5 39. Rxf4 Kxf4 40. Rb1 e2 41. Kf2 Re3 42. Bxe2 Rxh3 43. Rd1 Rh2+ 44. Ke1 Ke4 45. Rd3 Rh1+ 46. Kd2 Rb1 47. Rh3 Rb2+ 48. Ke1 Rxb4 49. Rxh6 Rb1+ 50. Bd1 a5 51. Rh3 Rc1 52. Rb3 Rxc5 53. Rxb7 Re5 54. Kd2 c5 55. Be2 Kf4 56. Rf7+ Kg3 57. Rf5 1-0

[Event "BLR-ch U20"]
[Site "Minsk"]
[Date "2023.04.12"]
[Round "1"]
[White "Siniauski, Artsiom"]
[Black "Klachkou, Platon"]
[Result "1/2-1/2"]
[WhiteElo "2247"]
[BlackElo "2070"]
[PlyCount "61"]
[EventDate "2023.04.12"]
[EventType "tourn"]
[EventRounds "9"]
[EventCountry "BLR"]
[SourceTitle "EXT 2024"]
[Source "ChessBase"]
[SourceDate "2023.10.10"]
[SourceVersion "1"]
[SourceVersionDate "2023.10.10"]
[SourceQuality "1"]

1. e4 c5 2. Nf3 Nc6 3. Bb5 g6 4. Bxc6 dxc6 5. d3 Bg7 6. h3 Nf6 7. Nc3 Nd7 8. Be3 e5 9. Qd2 h6 10. 0-0 b6 11. Nh2 Nf8 12. f4 exf4 13. Bxf4 Ne6 14. Be3 Nd4 15. Rae1 Be6 16. e5 Nf5 17. Bf2 Qc7 18. Nf3 0-0-0 19. a3 h5 20. Ne4 Bd5 21. b4 cxb4 22. Qxb4 c5 23. Qb5 h4 24. Qa4 Kb8 25. Neg5 Rde8 26. e6 fxe6 27. Qg4 Bc3 28. Re2 Ng3 29. Bxg3 Qxg3 30. Qxg3+ hxg3 31. Ne4 1/2-1/2

[Event "BLR-ch U20"]
[Site "Minsk"]
[Date "2023.04.12"]
[Round "4"]
[White "Spizharny, Mikhail"]
[Black "Klachkou, Platon"]
[Result "0-1"]
[WhiteElo "2052"]
[BlackElo "2070"]
[PlyCount "94"]
[EventDate "2023.04.12"]
[EventType "tourn"]
[EventRounds "9"]
[EventCountry "BLR"]
[SourceTitle "EXT 2024"]
[Source "ChessBase"]
[SourceDate "2023.10.10"]
[SourceVersion "1"]
[SourceVersionDate "2023.10.10"]
[SourceQuality "1"]

1. e4 c5 2. Nf3 d6 3. c3 Nf6 4. Be2 g6 5. 0-0 Bg7 6. Bb5+ Nc6 7. d4 0-0 8. Re1 cxd4 9. cxd4 Bg4 10. Bxc6 bxc6 11. Nbd2 Qc7 12. Qc2 Rfc8 13. h3 Bxf3 14. Nxf3 c5 15. Be3 Qb7 16. d5 Nd7 17. Rab1 Qa6 18. Bg5 Ne5 19. Nxe5 Bxe5 20. Re3 f6 21. Ra3 Qxa3 22. bxa3 fxg5 23. Rb7 c4 24. Rxe7 c3 25. Rb7 Rab8 26. Rb3 a5 27. Kf1 a4 28. Rb4 Rxb4 29. axb4 a3 30. Ke2 Rc4 31. Qb3 Rd4 32. Qxa3 Rd2+ 33. Ke1 Bd4 34. Qc1 Bxf2+ 35. Kf1 Bd4 36. a4 Rf2+ 37. Ke1 Rxg2 38. Qa3 Rg1+ 39. Ke2 c2 40. Kd2 c1Q+ 41. Qxc1 Be3+ 42. Kxe3 Rxc1 43. Kd4 Kf7 44. a5 Ke7 45. b5 Rc5 46. e5 Rxb5 47. a6 Ra5 0-1

[Event "BLR-ch U20"]
[Site "Minsk"]
[Date "2023.04.12"]
[Round "6"]
[White "Strybuk, Artsiom I"]
[Black "Klachkou, Platon"]
[Result "1-0"]
[WhiteElo "2376"]
[BlackElo "2070"]
[PlyCount "41"]
[EventDate "2023.04.12"]
[EventType "tourn"]
[EventRounds "9"]
[EventCountry "BLR"]
[SourceTitle "EXT 2024"]
[Source "ChessBase"]
[SourceDate "2023.10.10"]
[SourceVersion "1"]
[SourceVersionDate "2023.10.10"]
[SourceQuality "1"]

1. d4 d5 2. c4 c6 3. Nf3 Nf6 4. Nc3 e6 5. Bg5 Nbd7 6. cxd5 exd5 7. e3 Qa5 8. Bd3 Ne4 9. 0-0 f5 10. Bxe4 fxe4 11. Nh4 g6 12. f3 Bb4 13. fxe4 Bxc3 14. Qg4 Nf6 15. Qf4 0-0 16. bxc3 Nd7 17. Qd6 Re8 18. Nxg6 Qxc3 19. Ne7+ Kg7 20. Qh6+ Kh8 21. Qf6+ 1-0

[Event "Rogachev"]
[Site "Rogachev"]
[Date "2022.10.01"]
[Round "8"]
[White "Kononenko, Dmitry1111"]
[Black "Klachkou, Platon"]
[Result "1-0"]
[WhiteElo "2306"]
[BlackElo "2150"]
[PlyCount "71"]
[EventDate "2022.09.27"]
[EventType "tourn"]
[EventRounds "9"]
[EventCountry "BLR"]
[EventCategory "1"]
[SourceTitle "CBM 210 Extra"]
[Source "ChessBase"]
[SourceDate "2022.11.30"]
[SourceVersion "1"]
[SourceVersionDate "2022.11.30"]
[SourceQuality "1"]

1. e4 c5 2. Nf3 Nc6 3. c3 d6 4. d4 Nf6 5. Bd3 e5 6. d5 Ne7 7. 0-0 h6 8. Re1 g5 9. b4 cxb4 10. cxb4 Ng6 11. Nc3 Be7 12. Nd2 Nf4 13. Bf1 Bd7 14. Nc4 Rc8 15. Bd2 0-0 16. Rc1 Ne8 17. Be3 Ra8 18. Na5 Qb8 19. Bb5 Nf6 20. Bxd7 Nxd7 21. Nb5 Bd8 22. g3 Ng6 23. Nc4 Be7 24. Qg4 Nf6 25. Qf5 Rd8 26. Kh1 Kg7 27. f4 exf4 28. gxf4 a6 29. fxg5 hxg5 30. Bxg5 axb5 31. Rf1 Qc8 32. Bxf6+ Kg8 33. Nb6 Qxf5 34. exf5 Bxf6 35. fxg6 Bd4 36. Nxa8 1-0

[Event "Minsk op"]
[Site "Minsk"]
[Date "2022.08.10"]
[Round "8"]
[White "Klachkou, Platon"]
[Black "Gorovets, Andrey"]
[Result "0-1"]
[WhiteElo "2072"]
[BlackElo "2493"]
[PlyCount "82"]
[EventDate "2022.08.03"]
[EventType "swiss"]
[EventRounds "9"]
[EventCountry "BLR"]
[SourceTitle "CBM 209 Extra"]
[Source "ChessBase"]
[SourceDate "2022.09.30"]
[SourceVersion "1"]
[SourceVersionDate "2022.09.30"]
[SourceQuality "1"]

1. d4 Nf6 2. Nf3 b6 3. Nbd2 Bb7 4. e3 c5 5. Bd3 g6 6. c3 Nc6 7. 0-0 Bg7 8. a3 d5 9. dxc5 bxc5 10. e4 0-0 11. Re1 e6 12. c4 d4 13. Rb1 a5 14. Nf1 Nd7 15. Bf4 e5 16. Bd2 a4 17. Ng3 Qe7 18. h4 h5 19. Ng5 Nf6 20. f3 Bc8 21. Nh1 Bd7 22. Nf2 Na5 23. f4 Nb3 24. f5 Bh6 25. Bc1 Nxc1 26. Rxc1 Nh7 27. Nf3 Bxc1 28. Qxc1 Kh8 29. Qh6 Qf6 30. g4 gxf5 31. Qxh5 fxg4 32. Nxe5 g3 33. Rf1 gxf2+ 34. Rxf2 Rg8+ 35. Kf1 Bh3+ 36. Ke2 Rg2 37. Nxf7+ Kg7 38. Rxg2+ Bxg2 39. Qg4+ Kxf7 40. Qd7+ Kf8 41. Qxh7 Bf1+ 0-1

[Event "Minsk op"]
[Site "Minsk"]
[Date "2022.08.05"]
[Round "3"]
[White "Bryakin, Mikhail"]
[Black "Klachkou, Platon"]
[Result "1/2-1/2"]
[WhiteElo "2429"]
[BlackElo "2072"]
[PlyCount "172"]
[EventDate "2022.08.03"]
[EventType "swiss"]
[EventRounds "9"]
[EventCountry "BLR"]
[SourceTitle "CBM 209 Extra"]
[Source "ChessBase"]
[SourceDate "2022.09.30"]
[SourceVersion "1"]
[SourceVersionDate "2022.09.30"]
[SourceQuality "1"]

1. d4 Nf6 2. c4 g6 3. Nc3 Bg7 4. e4 d6 5. h3 0-0 6. Be3 c5 7. Nf3 cxd4 8. Nxd4 b6 9. g3 Bb7 10. Bg2 Nbd7 11. 0-0 Rc8 12. e5 dxe5 13. Bxb7 exd4 14. Bxc8 dxe3 15. Bxd7 exf2+ 16. Rxf2 Nxd7 17. Qd3 Qc7 18. Nd5 Ne5 19. Qe2 Qc5 20. b4 Qd6 21. Rd1 Qe6 22. Kh2 Rc8 23. Nf4 Qc6 24. Rd5 Qc7 25. c5 e6 26. cxb6 Qxb6 27. Rb5 Qd4 28. Rb7 g5 29. Ng2 g4 30. Nh4 Bh6 31. Rb5 Be3 32. Rf1 Qe4 33. Rxe5 Qxe5 34. Re1 Rc1 35. Qxg4+ Kf8 36. Rxc1 Bxc1 37. Qc4 Be3 38. Ng2 Bb6 39. Qc8+ Kg7 40. Qc1 Bc7 41. Nf4 Bb6 42. h4 Be3 43. Qc4 Qa1 44. Ne2 Qe1 45. Qg4+ Kf8 46. Qf3 Bb6 47. a3 Qd1 48. Kg2 Ke7 49. g4 Qd6 50. Qe4 Bc7 51. Qe3 Qh2+ 52. Kf1 Qh1+ 53. Qg1 Qf3+ 54. Ke1 Qxa3 55. Qc5+ Bd6 56. Qg5+ Ke8 57. b5 Qb4+ 58. Kf1 Qb1+ 59. Kf2 Qc2 60. h5 Bc5+ 61. Ke1 Qb1+ 62. Kd2 Qb2+ 63. Ke1 Qb1+ 64. Kd2 Qb4+ 65. Kd1 Qb3+ 66. Ke1 Qb4+ 67. Kd1 Qb1+ 68. Kd2 Bb4+ 69. Ke3 Qe1 70. Qe5 Qd2+ 71. Kf2 Bd6 72. Qe4 Bc5+ 73. Kf3 Bb6 74. Kg2 Qg5 75. Ng3 h6 76. Nf5 Qd2+ 77. Kh3 Qc3+ 78. Kg2 Qd2+ 79. Kh3 Qc3+ 80. Kg2 Qb2+ 81. Kh3 Qb3+ 82. Kg2 Qb2+ 83. Kh3 Qc3+ 84. Kg2 Qb2+ 85. Kh3 Qc3+ 86. Kg2 Qd2+ 1/2-1/2

[Event "BLR-ch U20"]
[Site "Minsk"]
[Date "2022.04.21"]
[Round "10"]
[White "Klachkou, Platon"]
[Black "Siniauski, Artsiom"]
[Result "0-1"]
[WhiteElo "1992"]
[BlackElo "2222"]
[PlyCount "124"]
[EventDate "2022.04.13"]
[EventType "tourn"]
[EventRounds "11"]
[EventCountry "BLR"]
[SourceTitle "CBM 207 Extra"]
[Source "ChessBase"]
[SourceDate "2022.05.31"]
[SourceVersion "1"]
[SourceVersionDate "2022.05.31"]
[SourceQuality "1"]

1. d4 Nf6 2. c4 e6 3. g3 d5 4. Nf3 Bb4+ 5. Bd2 Be7 6. Bg2 c6 7. 0-0 0-0 8. Qc2 b6 9. Bf4 Bb7 10. Rd1 Na6 11. a3 Rc8 12. Ne5 dxc4 13. Qxc4 Nd5 14. Nc3 Nac7 15. Rac1 Nxf4 16. gxf4 Nd5 17. e3 Bd6 18. Qa4 Bb8 19. Nxd5 cxd5 20. Qd7 Rc7 21. Rxc7 Qxc7 22. Qxc7 Bxc7 23. Rc1 Bd6 24. Bf1 f6 25. Nd3 a5 26. Rc3 Rc8 27. Rb3 Rc6 28. Nc5 Bc8 29. Bb5 Rc7 30. Na4 Rc1+ 31. Kg2 Bc7 32. Nc3 Bd8 33. f5 exf5 34. Bc6 g5 35. Bxd5+ Kg7 36. Nb5 Bd7 37. a4 Rb1 38. Nc3 Ra1 39. Bc4 h5 40. Bb5 Bc8 41. Bc6 h4 42. Nd5 h3+ 43. Kxh3 Rg1 44. f4 Ba6 45. Bb5 Bb7 46. Bc4 Kg6 47. e4 fxe4 48. f5+ Kh5 49. Ne3 Bc8 50. Rb5 g4+ 51. Nxg4 Ba6 52. Nf2 Bxb5 53. axb5 Kg5 54. Nxe4+ Kxf5 55. Ng3+ Kg5 56. Ne2 Rd1 57. Kg2 f5 58. Kf3 Bf6 59. Ke3 Rh1 60. d5 Bxb2 61. d6 Kf6 62. Nf4 Bc1+ 0-1

[Event "BLR-ch U20"]
[Site "Minsk"]
[Date "2022.04.20"]
[Round "9"]
[White "Lazavik, Denis"]
[Black "Klachkou, Platon"]
[Result "1-0"]
[WhiteElo "2483"]
[BlackElo "1992"]
[PlyCount "81"]
[EventDate "2022.04.13"]
[EventType "tourn"]
[EventRounds "11"]
[EventCountry "BLR"]
[SourceTitle "CBM 207 Extra"]
[Source "ChessBase"]
[SourceDate "2022.05.31"]
[SourceVersion "1"]
[SourceVersionDate "2022.05.31"]
[SourceQuality "1"]

1. d4 Nf6 2. c4 g6 3. Nc3 Bg7 4. e4 d6 5. h3 0-0 6. Be3 Nbd7 7. g4 e5 8. d5 a5 9. Nge2 Nc5 10. Ng3 Ne8 11. h4 h6 12. Be2 Bd7 13. Qd2 Kh7 14. h5 g5 15. f3 b6 16. Kf2 Bf6 17. Rhc1 Be7 18. b3 f6 19. Bd1 Ng7 20. a3 Rf7 21. b4 Nb7 22. Ba4 Qe8 23. Qc2 Bd8 24. Bxd7 Rxd7 25. Na4 Qf8 26. c5 dxc5 27. bxc5 bxc5 28. Rab1 Nd6 29. Nxc5 Rf7 30. a4 Qe8 31. Nb7 Rd7 32. Qc6 Nxb7 33. Rxb7 Rd6 34. Qxe8 Nxe8 35. Nf5 Rd7 36. Rc6 Be7 37. Nxe7 Rxe7 38. d6 Rd7 39. dxc7 Rc8 40. Bb6 Nd6 41. Rb8 1-0

[Event "BLR-ch U20"]
[Site "Minsk"]
[Date "2022.04.15"]
[Round "4"]
[White "Klachkou, Platon"]
[Black "Runets, Ivan"]
[Result "1/2-1/2"]
[WhiteElo "1992"]
[BlackElo "2194"]
[PlyCount "63"]
[EventDate "2022.04.13"]
[EventType "tourn"]
[EventRounds "11"]
[EventCountry "BLR"]
[SourceTitle "CBM 207 Extra"]
[Source "ChessBase"]
[SourceDate "2022.05.31"]
[SourceVersion "1"]
[SourceVersionDate "2022.05.31"]
[SourceQuality "1"]

1. d4 Nf6 2. c4 e6 3. Nc3 Bb4 4. e3 c5 5. a3 Bxc3+ 6. bxc3 0-0 7. Bd3 Nc6 8. Ne2 b6 9. e4 Ne8 10. Be3 d6 11. 0-0 Ba6 12. Ng3 Na5 13. Qe2 Qd7 14. a4 cxd4 15. cxd4 Rc8 16. Rac1 Qxa4 17. c5 Bxd3 18. Qxd3 Qd7 19. cxb6 Rxc1 20. Rxc1 axb6 21. Qa6 d5 22. Qxb6 Nc4 23. Qb3 Ned6 24. e5 Nc8 25. Nh5 Nxe3 26. Qxe3 Kh8 27. Nxg7 Kxg7 28. Qg5+ Kh8 29. Qf6+ Kg8 30. Qg5+ Kh8 31. Qf6+ Kg8 32. Qg5+ 1/2-1/2